Nehnuteľnosti cudzozemca a ich zdaňovanie po vstupe Slovenska do EÚ

Nadobúdanie vlastníctva. Vymedzenie nehnuteľnosti. Vlastnícke práva k nehnuteľnosti nadobudnutej v tuzemsku cudzozemcom. Daňové povinnosti cudzozemca za nehnuteľnosti nadobudnuté v tuzemsku po 1. máji 2004.

Gespeichert in:
Bibliographische Detailangaben
1. Verfasser: Bubeníková, Irena
Format: Buchkapitel
Sprache:Slowakisch
Schlagworte:
Tags: Tag hinzufügen
Keine Tags, Fügen Sie das erste Tag hinzu!

MARC

LEADER 00000naa$a2200000$$$4500
001 0012070
005 20231106070127.3
041 0 |a slo 
044 |a SK 
245 1 0 |a Nehnuteľnosti cudzozemca a ich zdaňovanie po vstupe Slovenska do EÚ  |c aut. Irena Bubeníková 
520 |a Nadobúdanie vlastníctva. Vymedzenie nehnuteľnosti. Vlastnícke práva k nehnuteľnosti nadobudnutej v tuzemsku cudzozemcom. Daňové povinnosti cudzozemca za nehnuteľnosti nadobudnuté v tuzemsku po 1. máji 2004. 
610 2 0 |a nehnuteľnosti 
610 2 0 |a cudzinci 
610 2 0 |a zdaňovanie 
610 2 0 |a Slovensko 
610 2 0 |a Európska únia 
100 1 |a Bubeníková, Irena